01306nam a22002777a 4500003000900000005001700009008003600026020001500062040002500077082002200102100002400124245010800148260004500256300002800301490002400329505013200353590002800485650006700513650005700580700003000637910006100667942001300728952013000741952014000871999001701011DO-SdBNP20240307174645.0201012b 2004 dr a 00| 0 eng d a9993487759 aDO-SdBNPbspacBNPHU 4a796.357bI58b22210aInoa, Orlando957841 aEl béisbol en República Dominicana :b crónica de una pasión /cOrlando Inoa, Héctor J. Cruz. aSanto Domingo :bAmigo del Hogar,c2004. a450 p. : bil. ;c30 cm aCultural Verizonv7 aEL béisbol dominicano : 70 años de historia 1891-1961 13 -- El béisbol dominicano 175 -- Fuentes de las fotografías 447 aInventariado, 2020 / DG 4aBéisbolzRepública DominicanaxHistoria977912y1891-1961. 4aPeloteroszRepublica DominicanavBiografías9788741 aCruz, Hèctor J. 945957 aInventariado, 2020 / DG/Validado. Control de calidad MFF 2ddccLF1 00102ddc51718MOaBNPHUbPDcHDd2013-08-23eDonaciònl0oBNPHU PD 796.357 I58bp2021-0416r2020-10-12w2020-10-12yLBS1 00102ddc51728MOaBNPHUbPDcHDeDonado por Lourdes Delgadol0oBNPHU PD 796.357 I58bp2021-0417r2021-02-24te. 2w2021-02-24yLF1 c48866d48866